000 00569nam a22001937a 4500
999 _c6102
_d6102
003 AR-CdUCM
008 190313b ||||| |||| 00| 0 spa d
040 _aMUNICIPALIDAD PROVINCIAL DEL CUSCO
_cBIBLIOTECA MUNICIPAL DEL CUSCO
082 _a869.954 /
_bB36
100 _aBelli, Gioconda
_917727
245 _aLinea de fuego /
260 _aLa Habana :
_bCasa de las Américas,
_c1978.
300 _a89 páginas
_c20 cm.
440 _aPremio casa de las Américas 1978
_917728
505 _aPoesía.
650 _aPoesía.
_9139
942 _2ddc
_cLIBROS
945 _awfj